Isambard Kingdom Brunel : Engineering knight errant /

Bibliographic Details
Main Author: Vaughan, Adrian
Format: Book
Language:English
Published: London : John Murray, 1991.
Subjects:

MARC

Tag First Indicator Second Indicator Subfields
LEADER 00000cam a22000008a 4500
001 in00001052421
005 20150929084718.0
008 910612s1991 enk 000 0beng d
010 |a gb 91092382  
015 |a GB91-92382 
020 |a 0719546362 :  |c £19.95 
035 |a (OCoLC)24710699 
035 |9 AFK7139AM 
040 |a UKM  |c UKM  |d EMU  |d UtOrBLW 
049 |a TXAM 
082 1 4 |a 620.0092  |2 12 
090 |a TA140.B75  |b V38 1991 
100 1 |a Vaughan, Adrian. 
245 1 0 |a Isambard Kingdom Brunel :  |b Engineering knight errant /  |c Adrian Vaughan. 
263 |a 9109 
264 1 |a London :  |b John Murray,  |c 1991. 
300 |a xiii, 285 pages :  |b illustrations 
336 |a text  |b txt  |2 rdacontent 
337 |a unmediated  |b n  |2 rdamedia 
338 |a volume  |b nc  |2 rdacarrier 
500 |a Includes index. 
600 1 0 |a Brunel, Isambard Kingdom,  |d 1806-1859. 
999 |a MARS 
999 f f |s 8dce5865-d609-3de9-8a8f-5b16b6f10e72  |i 143f4d38-9429-3fce-bffb-2116d99b1ca3  |t 0 
952 f f |p normal  |a Texas A&M University  |b College Station  |c Sterling C. Evans Library  |d Evans: Library Stacks  |t 0  |e TA140.B75 V38 1991  |h Library of Congress classification  |i unmediated -- volume  |m A14815719140 
998 f f |a TA140.B75 V38 1991  |t 0  |l Evans: Library Stacks